000 00262nam a2200109Ia 4500
008 240625s9999 xx 000 0 und d
041 _aeng
082 _a658.408 TRI
100 _aTRICKER BOB
245 _aCORPORATE GOVERNANCE PRINCIPLES POLICIES
260 _c2013
999 _c38635
_d38635